00648nam a2200193Ia 450000500170000000800410001702000110005804000190006904100120008808200160010024501180011626000360023430000160027070000210028685000100030794200070031799900160032495201140034020230405114023.0131103s9999 xx 000 0 und d cRs.125 aLoreto College aEnglish a823.08bASI 4aThe mammoth book of golden ageb science fiction cedited by Isaac Asimov,Charles G.Waugh and Martin H.Greenberge aBombaybJaico Publicationc1991 a[5],504 p.  aAsimov,Isaac,ed. aLCLIB cBK c4562d55041 00102ddc4070aMAINbMAINd2013-11-04l1o823.08 ASI 37035pB4430r2025-12-08s2025-12-03w2013-11-04yBKf